| 000 | 00999nam0a22002531 4500 | ||
|---|---|---|---|
| 001 | v19\rc\1861154 | ||
| 005 | 20260407020730.0 | ||
| 035 | _a(NLR Aleph) 004954604 | ||
| 090 |
_a5918816 _c5918816 |
||
| 100 | _a20080221d1909 |||y0rusy50 ca | ||
| 101 | 0 | _arus | |
| 102 | _aRU | ||
| 105 | _aa z ||||| | ||
| 200 | 1 |
_aКурс стрельбы для слушателей артиллерийского офицерского класса _eЧасти 1, 2, 3, 4 _fСост. лейт. Свиньин |
|
| 210 |
_a[Кронштадт] _cтип. Шк. комендоров _d1909 |
||
| 215 |
_a144, II, II с. _cчерт. _d23 |
||
| 700 | 1 |
_aСвиньин _bВ.А. _f1881- _gВладимир Александрович _4220 |
|
| 712 | 0 | 2 |
_aАртиллерийский офицерский класс _cКронштадт _3RU\NLR\AUTH\8810005595 _9508574 |
| 801 | 0 |
_aRU _bNLR _gpsbo |
|
| 801 | 0 |
_aRU _bRuMoRGB _2psbo |
|
| 801 | 1 |
_aRU _bProSoft-M _2rusmarc |
|
| 852 |
_aNLR _j64-7/1173 |
||
| 942 | _cBOOK | ||
| 980 | _aNB | ||